| 000 | 00380nam a2200121Ia 4500 | ||
|---|---|---|---|
| 008 | 190216s9999||||xx |||||||||||||| ||und|| | ||
| 100 | _aTremblay J P &manohar R | ||
| 245 | 0 | _aDiscrete Mathematical Structures With Application To Computer Science | |
| 260 |
_bTata Mcgrawhill Publishers _c1975 |
||
| 300 | _a606p | ||
| 650 | _a"Computer Programming. Programs, Data" | ||
| 942 | _cBK | ||
| 999 |
_c8525 _d8525 |
||